<?xml version="1.0" encoding="UTF-8"?>
<marc:record xmlns:marc="http://www.loc.gov/MARC21/slim">
   <marc:leader>00000nam a2200000 a 4500</marc:leader>
   <marc:datafield ind1=" " ind2=" " tag="653">
      <marc:subfield code="a">DVD</marc:subfield>
   </marc:datafield>
   <marc:datafield ind1="0" ind2="0" tag="245">
      <marc:subfield code="a">Blanka</marc:subfield>
   </marc:datafield>
   <marc:datafield ind1="0" ind2="0" tag="245">
      <marc:subfield code="b">auf den Strassen Manilas</marc:subfield>
   </marc:datafield>
   <marc:datafield ind1=" " ind2="1" tag="264">
      <marc:subfield code="a">Berlin</marc:subfield>
      <marc:subfield code="b">375 Media</marc:subfield>
      <marc:subfield code="c">2022</marc:subfield>
   </marc:datafield>
   <marc:datafield ind1="1" ind2=" " tag="520">
      <marc:subfield code="a">BLANKA - Ein Film voller Magie und Musik, erzählt von den Träumen eines Straßenmädchens und der Kraft der Freundschaft. Ohne Familie ist das Überleben in der in der philippinischen Hauptstadt Manila hart: Mit Betteln und Stehlen hält sich die elfjährige Waise Blanka über Wasser. Doch das Mädchen ist so taff, dass es sogar die Jungs der Straßengang in die Schranken weist. Eine neue Chance ergibt sich, als Blanka Peter kennenlernt, einen alten, blinden Straßenmusiker. Schnell helfen sie sich gegenseitig: Blanka sammelt Geld beim Publikum ein und der Gitarrist gibt ihr Gesangsunterricht. Zum ersten Mal erkennt Blanka, dass sie noch andere Fähigkeiten hat, als Touristen zu bestehlen....</marc:subfield>
   </marc:datafield>
   <marc:datafield ind1="3" ind2=" " tag="024">
      <marc:subfield code="a">4051238086379</marc:subfield>
   </marc:datafield>
   <marc:datafield ind1=" " ind2=" " tag="041">
      <marc:subfield code="a">ger</marc:subfield>
   </marc:datafield>
   <marc:datafield ind1=" " ind2=" " tag="300">
      <marc:subfield code="a">ca. 75 Minuten</marc:subfield>
   </marc:datafield>
</marc:record>
